000 00214 a2200097 4500
001 19786
100 _aBeiser, A
245 _aEssential maths for the sciences
260 _a
_bMcGraw-Hill
_c
090 _c14411
_d14411
942 _aNUST-CAE
_cM
_c4905
999 _c254859
_d254859